L. J. M. Daguerre : The history of the Diorama and the Daguerreotype
Spremljeno u:
| Glavni autor: | |
|---|---|
| Format: | Knjiga |
| Jezik: | Undetermined |
| Izdano: |
New York
Dover Publications
1968
|
| Teme: | |
| Oznake: |
Dodaj oznaku
Bez oznaka, Budi prvi tko označuje ovaj zapis!
|
| Thư viện lưu trữ: | Trung tâm Học liệu Trường Đại học Cần Thơ |
|---|
| LEADER | 00519nam a2200193Ia 4500 | ||
|---|---|---|---|
| 001 | CTU_86216 | ||
| 008 | 210402s9999 xx 000 0 und d | ||
| 082 | |a 743.4 | ||
| 082 | |b H478 | ||
| 100 | |a Helmut | ||
| 245 | 0 | |a L. J. M. Daguerre : | |
| 245 | 4 | |b The history of the Diorama and the Daguerreotype | |
| 245 | 0 | |c Helmut, Alison Gernsheim | |
| 260 | |a New York | ||
| 260 | |b Dover Publications | ||
| 260 | |c 1968 | ||
| 650 | |a Diorama | ||
| 904 | |i Năm | ||
| 980 | |a Trung tâm Học liệu Trường Đại học Cần Thơ | ||